000 01612nam0a2200313 4500
001 RU\NLR\bibl\1750888
005 20260409064123.0
010 _a978-5-370-02249-4
_91500
021 _aRU
_b2011-16460
_91157
035 _a(NLR Aleph) 001741746
090 _a1463729
_c1463729
100 _a20110325d2011 |||y0rusy50 ca
101 0 _arus
102 _aRU
105 _ay |||||||||
200 1 _aВодный кодекс Российской Федерации
_e[официальный текст
_eпо состоянию на 31 января 2011 г.
_eпринят Государственной Думой 12 апреля 2006 года
_eодобрен Советом Федерации 26 мая 2006 года
_eподписан Президентом РФ 3 июня 2006 года N° 74-Ф3
_e(в ред. Федеральных законов от 04.12.2006 N° 201-Ф3 ... от 28.12.2010 N° 420-ФЗ]
210 _aМосква
_cОмега-Л
_d2011
215 _a48 с.
_d20
225 1 _aКодексы Российской Федерации
604 _171001$aРоссийская Федерация
_150011$aВодный кодекс$2nlr_sh2$3RU\NLR\AUTH\661263600
_aРоссийская Федерация
_tВодный кодекс
_92087437
_3RU\NLR\AUTH\661263600
686 _aХ625.8-324.9(2Р)
740 1 _aРоссийская Федерация
_tЗаконы
_iВодный кодекс
_3RU\NLR\AUTH\880379501
_9425399
801 0 _aRU
_bNLR
_c20110325
_gRCR
801 1 _aRU
_bNLR
_c20110325
942 _cBOOK
980 _aNB
980 _aNBR